[Event "Fortaleza Monte Cup"]
[Site "Fortaleza"]
[Date "2017.04.23"]
[Round "5"]
[White "Dias Ribeiro, Pedro Roney"]
[Black "Carmo e Silva, Jammes Willian"]
[Result "0-1"]
[WhiteElo "1711"]
[BlackElo "1906"]
[PlyCount "72"]
[EventDate "2017.04.21"]
[EventType "swiss"]
[EventRounds "6"]
[EventCountry "BRA"]
[SourceTitle "CBM 178 Extra"]
[Source "ChessBase"]
[SourceDate "2017.06.22"]
[SourceVersion "1"]
[SourceVersionDate "2017.06.22"]
[SourceQuality "1"]

1. Nf3 Nf6 2. d3 d5 3. g3 g6 4. Bg2 Bg7 5. 0-0 0-0 6. Nbd2 c5 7. c4 e6 8. Rb1 Nc6 9. Nb3 b6 10. Bg5 h6 11. Bd2 a5 12. Qc1 Kh7 13. a3 Bb7 14. Bc3 d4 15. Bd2 Ne8 16. Qc2 f5 17. Ne1 Nd6 18. Bf4 e5 19. Bc1 Qe7 20. Nd2 Rae8 21. Qa4 e4 22. dxe4 fxe4 23. Qb3 Qc7 24. g4 e3 25. fxe3 Rxe3 26. Qd1 Ne5 27. Ndf3 Nxg4 28. Bxe3 Nxe3 29. Qd3 Be4 30. Qd2 Bxb1 31. Rf2 Ne4 32. Qc1 Nxf2 33. Qxb1 Nfg4 34. h4 Nxg2 35. Kxg2 Ne3+ 36. Kh3 Qd7+ 0-1

[Event "Fortaleza Monte Cup"]
[Site "Fortaleza"]
[Date "2017.04.22"]
[Round "4"]
[White "De Araujo, Jose Claudio"]
[Black "Dias Ribeiro, Pedro Roney"]
[Result "1-0"]
[WhiteElo "1900"]
[BlackElo "1711"]
[PlyCount "45"]
[EventDate "2017.04.21"]
[EventType "swiss"]
[EventRounds "6"]
[EventCountry "BRA"]
[SourceTitle "CBM 178 Extra"]
[Source "ChessBase"]
[SourceDate "2017.06.22"]
[SourceVersion "1"]
[SourceVersionDate "2017.06.22"]
[SourceQuality "1"]

1. d4 Nf6 2. c4 d6 3. Nc3 g6 4. e4 Bg7 5. Be2 0-0 6. Bg5 c5 7. d5 Re8 8. Nf3 Qa5 9. 0-0 Nbd7 10. h3 Nh5 11. Bd2 Ne5 12. Nxe5 Bxe5 13. Bxh5 gxh5 14. Qxh5 Bf6 15. f4 Rf8 16. e5 Bg7 17. Ne4 Qc7 18. Bc3 Bd7 19. exd6 exd6 20. Bxg7 Kxg7 21. Qg5+ Kh8 22. Qf6+ Kg8 23. Rf3 1-0